000 00532nam a2200217Ia 4500
003 0100
008 130227s9999 xx 000 0 und d
040 _cARRUPELIB
050 _aHD1131.D36
100 _aDankelman, Irene
245 _aWomen and environment in the third world
245 _balliance for the future
260 _aLondon
260 _bEarthscan Publications
260 _C1988
300 _a210p.
300 _b 23 cm
650 _bChristianity and culture
700 _aDavidson, Joan
942 _2lcc
_09
999 _c2304
_d2304